Biology and seasonal distribution of the pelagic food fished of Travancore coast / (Record no. 228366)

MARC details
000 -LEADER
fixed length control field 01281nam a2200325 a 4500
001 - CONTROL NUMBER
control field vtls000223448
003 - CONTROL NUMBER IDENTIFIER
control field NLI
005 - DATE AND TIME OF LATEST TRANSACTION
control field 20210602122703.0
008 - FIXED-LENGTH DATA ELEMENTS--GENERAL INFORMATION
fixed length control field 101126s1966 ii a 000 0 eng
039 #9 - LEVEL OF BIBLIOGRAPHIC CONTROL AND CODING DETAIL [OBSOLETE]
-- 201011260152
-- VLOAD
040 0# - CATALOGING SOURCE
Original cataloging agency NLI
Language of cataloging eng
Transcribing agency Datasoft 1
Description conventions AACR2
041 0# - LANGUAGE CODE
Language code of text/sound track or separate title eng
044 ## - COUNTRY OF PUBLISHING/PRODUCING ENTITY CODE
MARC country code ii
082 04 - DEWEY DECIMAL CLASSIFICATION NUMBER
Classification number 597
100 1# - MAIN ENTRY--PERSONAL NAME
Personal name Rabindra Nath, P.
9 (RLIN) 415548
245 10 - TITLE STATEMENT
Title Biology and seasonal distribution of the pelagic food fished of Travancore coast /
Statement of responsibility, etc. by P. Rabindra Nath
260 ## - PUBLICATION, DISTRIBUTION, ETC.
Place of publication, distribution, etc. Mumbai :
Name of publisher, distributor, etc. University of Kerala],
Date of publication, distribution, etc. 1966
300 ## - PHYSICAL DESCRIPTION
Extent 140 p. :
Other physical details ill. ;
Dimensions 25 cm.
440 #0 - SERIES STATEMENT/ADDED ENTRY--TITLE
Title Kerala University publications
9 (RLIN) 415549
500 ## - GENERAL NOTE
General note "Issued as a special number of the Bulletin of the Department of Marine Biology and Oceanography of the University of Kerala"
650 #0 - SUBJECT ADDED ENTRY--TOPICAL TERM
Topical term or geographic name entry element Pelagic fishes
Geographic subdivision India
-- Travancore
9 (RLIN) 415550
650 #0 - SUBJECT ADDED ENTRY--TOPICAL TERM
Topical term or geographic name entry element Pelagic fishes
General subdivision Food
9 (RLIN) 415551
710 1# - ADDED ENTRY--CORPORATE NAME
Corporate name or jurisdiction name as entry element Trivandrum (India).
Subordinate unit University of Kerala.
-- Department of Marine Biology and Oceanography
9 (RLIN) 415552
887 ## - NON-MARC INFORMATION FIELD
Content of non-MARC field
901 ## - LOCAL DATA ELEMENT A, LDA (RLIN)
a DB8873
b 12.10.1966
902 ## - LOCAL DATA ELEMENT B, LDB (RLIN)
a E/O 597 R 113
949 ## - LOCAL PROCESSING INFORMATION (OCLC)
-- VIRTUAITEM
-- 10000
-- 100
6 DBA000008873ENG
942 ## - ADDED ENTRY ELEMENTS (KOHA)
Source of classification or shelving scheme Dewey Decimal Classification
Koha item type Books
Holdings
Withdrawn status Lost status Damaged status Not for loan Collection code Home library Current library Shelving location Date acquired Total Checkouts Full call number Barcode Date last seen Price effective from Koha item type
        New English Oversized National Library of India National Library of India New English Oversized - Main Stack Division     E/O 597 R 113 DBA000008873ENG 02/06/2021 02/06/2021 Books
                                                                           
web counter

Copyright ©2020 The National Library of India, Govt. of India ↔ Hosted by NVLI, MOC ↔ Technology and Design by National Library of India, Ministry of Culture, Govt. of India